Normal view
MARC view
- Great Britain.
Entry Corporate Name
001 - CONTROL NUMBER
- control field: 12086
003 - CONTROL NUMBER IDENTIFIER
- control field: NUST
005 - DATE AND TIME OF LATEST TRANSACTION
- control field: 20180730073642.0
008 - FIXED-LENGTH DATA ELEMENTS
- fixed length control field: 180730|| aca||aabn | a|a d
040 ## - CATALOGING SOURCE
- Original cataloging agency: NUST
- Transcribing agency: NUST
110 ## - HEADING--CORPORATE NAME
- Corporate name or jurisdiction name as entry element: Great Britain.
- Subordinate unit: Parliament.
- Subordinate unit: House of Commons.
670 ## - SOURCE DATA FOUND
- Source citation: Work cat.: (NUST)174441: Cook, Robin F. 12084, The point of departure /, 2003.
